Alle Meister der 3. Liga - Statistiken

Allgemein
  • Dieses Quiz wurde 75 mal gespielt
  • Das Durchschnittsergebnis liegt bei 10 aus 15
Antwortstatistiken
Hint Antwort % Korrekt
2020/2021 Dynamo Dresden
91%
2015/2016 Dynamo Dresden
91%
2013/2014 1. FC Heidenheim
70%
2014/2015 Arminia Bielefeld
66%
2010/2011 Eintracht Braunschweig
66%
2022/2023 Sv Elversberg
66%
2021/2022 1.Fc Magdeburg
63%
2017/2018 1.Fc Magdeburg
63%
2018/2019 VfL Osnabrück
63%
2009/2010 VfL Osnabrück
63%
2011/2012 SV Sandhausen
55%
2012/2013 Karlsruher SC
52%
2019/2020 FC Bayern München II
49%
2008/2009 1. FC Union Berlin
48%
2016/2017 MSV Duisburg
46%
Keine übereinstimmenden Quizze gefunden
Verteilung der Resultate
Anzahl Personen mit jedem Resultat
Perzentil nach korrekt beantworteten Fragen
Ihre Resultats-Entwicklung
Sie haben dieses Quiz noch nicht gespielt